[Event "Dyfed op 45th"]
[Site "Fishguard"]
[Date "2016.02.27"]
[Round "3"]
[White "Bridges, Paul"]
[Black "Lawrence, David J"]
[Result "1/2-1/2"]
[WhiteElo "1821"]
[BlackElo "1678"]
[PlyCount "28"]
[EventDate "2016.02.26"]
[EventType "swiss"]
[EventRounds "5"]
[EventCountry "WLS"]
[SourceTitle "EXT 2018"]
[Source "ChessBase"]
[SourceDate "2017.10.13"]
[SourceVersion "1"]
[SourceVersionDate "2017.10.13"]
[SourceQuality "1"]

1. e4 e6 2. d4 d5 3. e5 c5 4. c3 Nc6 5. Nf3 Bd7 6. a3 cxd4 7. cxd4 Rc8 8. Nc3 Nge7 9. Bd3 Na5 10. 0-0 a6 11. Bd2 Nc4 12. Bxc4 Rxc4 13. Rc1 Nc6 14. b4 Be7 1/2-1/2

[Event "London Weekend U1800 7th"]
[Site "London"]
[Date "2015.12.06"]
[Round "4.15"]
[White "Lawrence, David J"]
[Black "Shore, James R"]
[Result "0-1"]
[WhiteElo "1700"]
[BlackElo "1634"]
[PlyCount "114"]
[EventDate "2015.12.04"]
[EventType "swiss"]
[EventRounds "5"]
[EventCountry "ENG"]
[SourceTitle "EXT 2023"]
[Source "ChessBase"]
[SourceDate "2022.10.05"]
[SourceVersion "1"]
[SourceVersionDate "2022.10.05"]
[SourceQuality "1"]

1. d4 d5 2. Nf3 Bf5 3. Bf4 Nf6 4. e3 e6 5. Bd3 Be4 6. Bxe4 Nxe4 7. Nbd2 g5 8. Bg3 Nxg3 9. hxg3 Nc6 10. c3 g4 11. Nh4 Qg5 12. Qc2 0-0-0 13. 0-0-0 Bg7 14. Kb1 f5 15. Rhf1 Rde8 16. Rde1 Ne7 17. f3 gxf3 18. Rxf3 Bf6 19. a3 Rhg8 20. Ref1 Qh5 21. Rh1 Rg4 22. Qd1 Bxh4 23. Rxh4 Rxh4 24. gxh4 Qxh4 25. Qf1 Qg4 26. Rh3 h5 27. Qf3 Rg8 28. Rxh5 Qxg2 29. Qxg2 Rxg2 30. Rh8+ Rg8 31. Rh6 Kd7 32. Nf3 Nc6 33. Rh7+ Kd6 34. Ne5 Nxe5 35. dxe5+ Kxe5 36. Rxc7 Rb8 37. Kc2 Ke4 38. Kd2 a6 39. c4 dxc4 40. Rxc4+ Kd5 41. Rd4+ Ke5 42. Rc4 Rd8+ 43. Ke2 Rd6 44. Rc7 b5 45. b4 Rb6 46. Kf3 Kd6 47. Rg7 Rc6 48. Ra7 Kd5 49. Kf4 Kc4 50. Rd7 Kc3 51. Ke5 Kb3 52. Rd6 Rxd6 53. Kxd6 Kxa3 54. Kxe6 Kxb4 55. Kxf5 Kc4 56. e4 b4 57. e5 b3 0-1

[Event "London Classic op-A U2000 5th"]
[Site "London"]
[Date "2013.12.11"]
[Round "3"]
[White "Moran, Joe"]
[Black "Lawrence, David J"]
[Result "0-1"]
[WhiteElo "1560"]
[BlackElo "1677"]
[PlyCount "64"]
[EventDate "2013.12.09"]
[EventType "swiss"]
[EventRounds "5"]
[EventCountry "ENG"]
[SourceTitle "EXT 2016"]
[Source "ChessBase"]
[SourceDate "2015.10.08"]
[SourceVersion "1"]
[SourceVersionDate "2015.10.08"]
[SourceQuality "1"]

1. e4 e6 2. d4 d5 3. Nc3 Nf6 4. Bg5 Bb4 5. Bxf6 Qxf6 6. e5 Qe7 7. a3 Bxc3+ 8. bxc3 c5 9. f4 cxd4 10. cxd4 Qc7 11. Qd2 Nc6 12. Nf3 Bd7 13. Bd3 h6 14. 0-0 0-0 15. Kh1 Rac8 16. Rfb1 Na5 17. a4 b6 18. Ba6 Rb8 19. Ng1 Bc6 20. Ne2 Bb7 21. Bb5 Nc4 22. Bxc4 Qxc4 23. Rb2 Rfc8 24. Ng3 Qc3 25. Qxc3 Rxc3 26. h3 Rxg3 27. Kh2 Rc3 28. h4 Rbc8 29. Raa2 Ba6 30. a5 b5 31. g3 R8c4 32. Kh3 Rxd4 0-1

[Event "High Wycombe e2e4 op U2050"]
[Site "High Wycombe"]
[Date "2013.10.12"]
[Round "3"]
[White "Colter, Nigel"]
[Black "Lawrence, David J"]
[Result "1/2-1/2"]
[WhiteElo "1720"]
[BlackElo "1653"]
[PlyCount "59"]
[EventDate "2013.10.11"]
[EventType "swiss"]
[EventRounds "5"]
[EventCountry "ENG"]
[SourceTitle "EXT 2015"]
[Source "ChessBase"]
[SourceDate "2014.11.20"]
[SourceVersion "1"]
[SourceVersionDate "2014.11.20"]
[SourceQuality "1"]

1. d4 d5 2. Nf3 Nf6 3. c4 e6 4. cxd5 exd5 5. Nc3 c6 6. Bg5 Be7 7. e3 Bf5 8. Bd3 Bxd3 9. Qxd3 Nbd7 10. 0-0 0-0 11. Rab1 Re8 12. Nd2 Ne4 13. Bxe7 Qxe7 14. Ndxe4 dxe4 15. Qc2 Nf6 16. Rbc1 Rad8 17. a3 Qd6 18. h3 g6 19. Na4 Qb8 20. Nc3 Qd6 21. Qa4 Qb8 22. Qb3 Nd5 23. Nxd5 Rxd5 24. Rc3 Rd7 25. f3 exf3 26. Rxf3 Qd6 27. Qa4 Qb8 28. Qb4 Rde7 29. Qb3 Qd6 30. Qa4 1/2-1/2

[Event "High Wycombe e2e4 op U2050"]
[Site "High Wycombe"]
[Date "2013.10.11"]
[Round "1"]
[White "David, Ivan"]
[Black "Lawrence, David J"]
[Result "1-0"]
[WhiteElo "1860"]
[BlackElo "1653"]
[PlyCount "95"]
[EventDate "2013.10.11"]
[EventType "swiss"]
[EventRounds "5"]
[EventCountry "ENG"]
[SourceTitle "EXT 2015"]
[Source "ChessBase"]
[SourceDate "2014.11.20"]
[SourceVersion "1"]
[SourceVersionDate "2014.11.20"]
[SourceQuality "1"]

1. Nf3 d5 2. c4 e6 3. g3 Nf6 4. Bg2 Be7 5. 0-0 Nbd7 6. b3 0-0 7. Bb2 c6 8. e3 b6 9. Qc2 Bb7 10. Rd1 Rc8 11. Nc3 Re8 12. Rac1 b5 13. cxb5 cxb5 14. Qb1 a6 15. d4 Rc7 16. Ne5 Qb8 17. Nxd7 Nxd7 18. h4 Rec8 19. Ne2 Nf6 20. Rxc7 Rxc7 21. Rc1 Qc8 22. Rxc7 Qxc7 23. Qc1 Qxc1+ 24. Bxc1 b4 25. f3 a5 26. Nf4 Ba6 27. Bf1 Bxf1 28. Kxf1 Kf8 29. Ke2 Ke8 30. Kd3 Kd7 31. g4 g6 32. g5 Ne8 33. e4 dxe4+ 34. fxe4 Nd6 35. Ne2 f6 36. gxf6 Bxf6 37. e5 Bxh4 38. exd6 Kxd6 39. Ke4 g5 40. Be3 g4 41. Bf4+ Kd7 42. Ng3 Bd8 43. Nh5 Kc6 44. Ke5 Bb6 45. Be3 Kd7 46. Nf4 Bc7+ 47. Kf6 h5 48. Nxh5 1-0

[Event "High Wycombe e2e4 Major"]
[Site "Uplands Park"]
[Date "2011.10.10"]
[Round "5"]
[White "Ireland, David J"]
[Black "Lawrence, David J"]
[Result "1-0"]
[WhiteElo "1997"]
[BlackElo "1714"]
[PlyCount "57"]
[EventDate "2011.10.07"]
[EventType "swiss"]
[EventRounds "5"]
[EventCountry "ENG"]
[SourceTitle "EXT 2023"]
[Source "ChessBase"]
[SourceDate "2022.10.05"]
[SourceVersion "1"]
[SourceVersionDate "2022.10.05"]
[SourceQuality "1"]

1. e4 e6 2. d4 d5 3. Nc3 Nf6 4. Bg5 Be7 5. e5 Nfd7 6. h4 Nc6 7. Nf3 Nb6 8. Ne2 Bd7 9. Nf4 h6 10. Bxe7 Qxe7 11. c3 0-0-0 12. b4 Rdf8 13. a4 g5 14. Nh5 Be8 15. a5 Nd7 16. b5 Nd8 17. Nf6 Nxf6 18. exf6 Qxf6 19. b6 a6 20. bxc7 Kxc7 21. Qb3 Qe7 22. Rb1 Qd6 23. c4 dxc4 24. Bxc4 Bb5 25. Bxb5 axb5 26. 0-0 gxh4 27. Qxb5 Nc6 28. Qxb7+ Kd8 29. Rb6 1-0

[Event "High Wycombe e2e4 Major"]
[Site "Uplands Park"]
[Date "2011.10.08"]
[Round "2"]
[White "Lawrence, David J"]
[Black "Wilson, Matthew W"]
[Result "0-1"]
[WhiteElo "1714"]
[BlackElo "1898"]
[PlyCount "126"]
[EventDate "2011.10.07"]
[EventType "swiss"]
[EventRounds "5"]
[EventCountry "ENG"]
[SourceTitle "EXT 2023"]
[Source "ChessBase"]
[SourceDate "2022.10.05"]
[SourceVersion "1"]
[SourceVersionDate "2022.10.05"]
[SourceQuality "1"]

1. d4 d5 2. Nf3 Nf6 3. c4 c6 4. cxd5 cxd5 5. Nc3 Nc6 6. Qc2 g6 7. e3 Bf5 8. Bd3 Bxd3 9. Qxd3 Qb6 10. 0-0 Bg7 11. Rb1 0-0 12. Bd2 Rac8 13. Rfc1 Qc7 14. Ne2 Ne4 15. Ng3 Nxd2 16. Qxd2 Qd6 17. a3 b6 18. Rc2 Na5 19. Rxc8 Rxc8 20. Rc1 Rc4 21. Rxc4 Nxc4 22. Qc2 Qd7 23. Nd2 Qb5 24. Nxc4 Qxc4 25. Qxc4 dxc4 26. Ne2 Kf8 27. Kf1 Ke8 28. Ke1 Kd7 29. Kd1 Kc6 30. Kc2 b5 31. Nc3 a5 32. Ne4 e5 33. dxe5 Bxe5 34. f4 Bg7 35. Ng5 f6 36. Ne6 Bh8 37. Nd4+ Kc5 38. Ne6+ Kd6 39. Nd4 b4 40. axb4 axb4 41. Nb5+ Kc5 42. Nd4 Kd5 43. Nb5 f5 44. b3 Bf6 45. bxc4+ Kxc4 46. Nd6+ Kd5 47. Ne8 Be7 48. Kb3 Ke4 49. Nc7 Bd6 50. Ne8 Bf8 51. Nf6+ Kxe3 52. Nxh7 Be7 53. Ng5 Kxf4 54. Ne6+ Ke3 55. Nc7 Kf2 56. Nd5 Bd6 57. g3 Kg2 58. g4 fxg4 59. Ne3+ Kxh2 60. Nxg4+ Kg3 61. Nf6 Kf4 62. Nd5+ Kf3 63. Nf6 g5 0-1

[Event "Sunningdale e2e4 Major"]
[Site "Sunningdale"]
[Date "2011.09.16"]
[Round "1"]
[White "Tobisch, John"]
[Black "Lawrence, David J"]
[Result "0-1"]
[WhiteElo "1901"]
[BlackElo "1714"]
[PlyCount "85"]
[EventDate "2011.09.16"]
[EventType "swiss"]
[EventRounds "5"]
[EventCountry "ENG"]
[SourceTitle "EXT 2023"]
[Source "ChessBase"]
[SourceDate "2022.10.05"]
[SourceVersion "1"]
[SourceVersionDate "2022.10.05"]
[SourceQuality "1"]

1. d4 e6 2. e4 d5 3. Nc3 Nf6 4. e5 Nfd7 5. f4 c5 6. Nf3 Nc6 7. Be3 cxd4 8. Nxd4 Bb4 9. Nb3 0-0 10. Qd3 f6 11. exf6 Nxf6 12. 0-0-0 Ng4 13. g3 Nxe3 14. Qxe3 Bd7 15. Nb5 a6 16. N5d4 Nxd4 17. Qxd4 Be7 18. Bh3 Bf6 19. Qe3 Re8 20. Qd2 Qb6 21. Rhe1 Rac8 22. Qe3 Qc7 23. Rd2 Kh8 24. Kb1 a5 25. Qd3 b5 26. Bf1 a4 27. Nd4 b4 28. Nf3 a3 29. Ne5 axb2 30. Kxb2 Bb5 31. Qd4 Bxf1 32. Rxf1 Qa5 33. Rd3 Rc3 34. Rff3 Qa3+ 35. Kb1 Rec8 36. Rxc3 bxc3 37. Qb6 Ra8 38. Qb3 Qa7 39. Qxc3 Qg1+ 40. Kb2 Rb8+ 41. Qb3 Rxb3+ 42. Rxb3 Qd4+ 43. c3 0-1